ESV Study Bible. : (Record no. 6834)

MARC details
000 -LEADER
fixed length control field 00919cam a2200277Ma 4500
001 - CONTROL NUMBER
control field 243163
003 - CONTROL NUMBER IDENTIFIER
control field GBCCL
005 - DATE AND TIME OF LATEST TRANSACTION
control field 20251128120044.0
008 - FIXED-LENGTH DATA ELEMENTS--GENERAL INFORMATION
fixed length control field 080502s2008 iluabf b 001 0 eng d
020 ## - INTERNATIONAL STANDARD BOOK NUMBER
International Standard Book Number 9781433502415 (hardcover : alk. paper)
020 ## - INTERNATIONAL STANDARD BOOK NUMBER
International Standard Book Number 1433502410 (hardcover : alk. paper)
035 ## - SYSTEM CONTROL NUMBER
System control number (OCoLC)ocn456768564
035 ## - SYSTEM CONTROL NUMBER
System control number (OCoLC)456768564
040 ## - CATALOGING SOURCE
Original cataloging agency CFT
Language of cataloging eng
Transcribing agency CFT
Modifying agency RIOSL
-- B@L
-- BDX
-- OCLCQ
082 00 - DEWEY DECIMAL CLASSIFICATION NUMBER
Classification number 220.5208
Edition information 22
Item number BIB
090 ## - LOCALLY ASSIGNED LC-TYPE CALL NUMBER (OCLC); LOCAL CALL NUMBER (RLIN)
Classification number (OCLC) (R) ; Classification number, CALL (RLIN) (NR) BS195
Local cutter number (OCLC) ; Book number/undivided call number, CALL (RLIN) .E64 2008
245 14 - TITLE STATEMENT
Title ESV Study Bible. :
Remainder of title English Standard Version
260 ## - PUBLICATION, DISTRIBUTION, ETC.
Place of publication, distribution, etc. Wheaton, Ill. :
Name of publisher, distributor, etc. Crossway Bibles,
Date of publication, distribution, etc. 2008.
300 ## - PHYSICAL DESCRIPTION
Extent 2750 pages, 15 pages of plates :
Other physical details illustrations, maps ;
Dimensions 25 cm
336 ## - CONTENT TYPE
Content type term text
Content type code txt
Source rdacontent
337 ## - MEDIA TYPE
Media type term unmediated
Media type code n
Source rdamedia
338 ## - CARRIER TYPE
Carrier type term volume
Carrier type code nc
Source rdacarrier
504 ## - BIBLIOGRAPHY, ETC. NOTE
Bibliography, etc. note Includes bibliographical references and index.
630 00 - SUBJECT ADDED ENTRY--UNIFORM TITLE
Uniform title Bible
General subdivision Study and teaching.
9 (RLIN) 498
942 ## - ADDED ENTRY ELEMENTS (KOHA)
Source of classification or shelving scheme Dewey Decimal Classification
Koha item type Reference Books
Holdings
Withdrawn status Lost status Source of classification or shelving scheme Damaged status Not for loan Home library Current Library Shelving location Date acquired Total checkouts Full call number Barcode Date last seen Copy number Price effective from Koha item type
    Dewey Decimal Classification     GRACE BIBLE COLLEGE GRACE BIBLE COLLEGE Bible 2018-06-29   220.5208 BIB 010758 2025-05-01 c.1 2018-06-29 Reference Books
© Grace Bible College Library 2025